Get the Picture: South Park or Family Guy Quiz Stats

 Plays Quiz Updated Jun 18, 2019

Score 0/16 Timer 01:30
7 Plays Today
Question Answer Wrong Answers
Kenny McCormick South Park
93.4%
Family Guy
1.8%
Butters Stotch South Park
91.7%
Family Guy
3.5%
Glenn Quagmire Family Guy
91.6%
South Park
3.5%
Stewie Griffin Family Guy
91.1%
South Park
4.2%
Cleveland Brown Family Guy
90.7%
South Park
4.6%
Joe Swanson Family Guy
90.7%
South Park
4.8%
Liane Cartman South Park
90.4%
Family Guy
4.9%
Mr. Garrison South Park
89.2%
Family Guy
6.1%
Token Black South Park
88.8%
Family Guy
6.6%
Randy Marsh South Park
87.9%
Family Guy
7.3%
Mayor Adam West Family Guy
87.1%
South Park
8.3%
Sheila Broflovski South Park
87%
Family Guy
8.3%
Barbara Pewterschmidt Family Guy
86%
South Park
9.4%
Mort Goldman Family Guy
85.6%
South Park
10%
Tricia Takanawa Family Guy
81.4%
South Park
13.9%
Bebe Stevens South Park
80%
Family Guy
15.3%

Today's Daily Dose

Missing Word
Celine Dion

Word Ladder
Dr. Seuss Books

Quick Pick
Cities in India

Get the Picture
'A' Actresses

You're not logged in!

Compare scores with friends on all Sporcle quizzes.
OR
Log In

Sporcle TV

Today on Sporcle TV


Watch our educational content, quiz creation guides, and fun videos on Sporcle TV.

Show Comments

Extras

Top Quizzes Today


Score Distribution

Your Account Isn't Verified!

In order to create a playlist on Sporcle, you need to verify the email address you used during registration. Go to your Sporcle Settings to finish the process.

Report this User

Report this user for behavior that violates our Community Guidelines.

Details: